[Event "Reykjavik Open 2018"]
[Site "Reykjavik ISL"]
[Date "2018.03.10"]
[Round "5.11"]
[White "Norowitz, Yaacov"]
[Black "Ramirez, Alejandro"]
[Result "0-1"]
[WhiteTitle "IM"]
[BlackTitle "GM"]
[WhiteElo "2412"]
[BlackElo "2568"]
[WhiteFideId "2024799"]
[BlackFideId "6500617"]
[EventDate "2018.03.06"]

1. d4 Nf6 2. Nf3 c5 3. c3 d5 4. Bf4 Nc6 5. e3 Qb6 6. Qc2 Nh5 7. Be5 f6 8. dxc5
Qxc5 9. Bd4 Qd6 10. b4 Qc7 11. c4 e5 12. cxd5 exd4 13. Nxd4 Bxb4+ 14. Kd1 Bg4+
15. Kc1 Qe5 16. dxc6 bxc6 17. Qxc6+ Kf7 18. Qc4+ Be6 19. Qxb4 Rab8 20. Qa3 Rhd8
21. Be2 Rxd4 22. Bxh5+ g6 23. exd4 Qxd4 24. Bd1 Rc8+ 25. Bc2 Bf5 26. Qb3+ Kg7
27. Na3 Qxa1+ 28. Qb1 Qd4 29. Qb7+ Kh6 30. Kb1 Qe5 31. Qxa7 Rb8+ 32. Kc1 Qa1+
33. Kd2 Rd8+ 34. Ke2 Re8+ 35. Kf3 Qc3+ 36. Kf4 Qe5+ 0-1

[Event "Reykjavik Open 2018"]
[Site "Reykjavik ISL"]
[Date "2018.03.10"]
[Round "5.12"]
[White "Fenil, Shah"]
[Black "Friedel, Joshua"]
[Result "0-1"]
[WhiteTitle "FM"]
[BlackTitle "GM"]
[WhiteElo "2346"]
[BlackElo "2562"]
[WhiteFideId "5019850"]
[BlackFideId "2017199"]
[EventDate "2018.03.06"]

1. e4 e5 2. Nf3 Nc6 3. Bc4 Nf6 4. d3 Be7 5. Nc3 d6 6. a3 O-O 7. Be3 Ng4 8. Bd2
Nd4 9. h3 Nf6 10. Nxd4 exd4 11. Nd5 Nxd5 12. Bxd5 c6 13. Ba2 Kh8 14. O-O f5 15.
f4 Bd7 16. Kh1 Qb6 17. Rb1 a5 18. e5 d5 19. c3 Be6 20. a4 Rfd8 21. Qb3 Qxb3 22.
Bxb3 dxc3 23. Bxc3 c5 24. Rbc1 Kg8 25. d4 b6 26. Rcd1 Kf7 27. Rd2 g6 28. Bd1 c4
29. g4 Rf8 30. Kg2 Ke8 31. Kg3 Kd7 32. b3 Rac8 33. Rf3 g5 34. fxg5 cxb3 35. h4
fxg4 36. Re3 h6 37. gxh6 Rh8 38. Rh2 Rxh6 39. Bxb3 Rch8 40. h5 Rxh5 41. Rxh5
Rxh5 42. Kg2 Bg5 43. Rd3 Bf5 44. Bd1 Be4+ 45. Kf2 Rh2+ 0-1

[Event "Reykjavik Open 2018"]
[Site "Reykjavik ISL"]
[Date "2018.03.10"]
[Round "5.13"]
[White "Unuk, Laura"]
[Black "Vaibhav, Suri"]
[Result "0-1"]
[WhiteTitle "WIM"]
[BlackTitle "GM"]
[WhiteElo "2346"]
[BlackElo "2544"]
[WhiteFideId "14609215"]
[BlackFideId "5045185"]
[EventDate "2018.03.06"]

1. d4 Nf6 2. Nf3 d5 3. c4 e6 4. g3 Be7 5. Bg2 O-O 6. O-O dxc4 7. Qc2 b6 8. Bg5
Nd5 9. Bxe7 Qxe7 10. Na3 c3 11. e4 cxb2 12. Qxb2 Nb4 13. Rfd1 Bb7 14. Ne5 Rd8
15. Rac1 N8a6 16. Nac4 f6 17. Ng4 c5 18. a3 Nc6 19. d5 exd5 20. exd5 Nd4 21.
Nge3 Qf7 22. Rxd4 cxd4 23. Qxd4 Rac8 24. Rd1 Rc5 25. Qg4 Kh8 26. Nf5 Qf8 27.
Nfe3 Qf7 28. Re1 g6 29. Qf4 Qf8 30. Nd2 Nc7 31. Nb3 Rc3 32. Nd4 Nxd5 33. Nxd5
Bxd5 34. Bxd5 Rxd5 35. Ne6 Qf7 36. Qb8+ Qg8 37. Nf8 Re5 38. Rd1 Kg7 39. Rd7+ Kh6
40. Rxh7+ Kg5 41. Qd6 Rc1+ 42. Kg2 Qd5+ 43. Qxd5 Rxd5 44. Rxa7 Rc2 45. Nh7+ Kf5
46. g4+ Ke5 47. Re7+ Kd6 48. Rf7 f5 49. Kg3 fxg4 50. Rf6+ Kc5 51. Nf8 Rd6 52.
Ne6+ Kd5 53. Nf4+ Kc6 54. Rxg6 Rxg6 55. Nxg6 b5 56. Kxg4 Rxf2 57. h4 Kd6 58. h5
Ke6 59. Nf4+ Kf7 60. Kf5 Rf3 61. Ke4 Rxa3 62. Nd3 Rc3 63. Kd4 Rc4+ 64. Kd5 Kg7
65. Nc5 Kh6 66. Ne4 Rc2 67. Ng3 b4 68. Nf5+ Kxh5 69. Nd4 Rc3 70. Ne2 Rc8 71. Kd4
b3 72. Nf4+ Kg4 73. Nd3 Rc2 0-1

[Event "Reykjavik Open 2018"]
[Site "Reykjavik ISL"]
[Date "2018.03.10"]
[Round "5.14"]
[White "Foisor, Sabina-Francesca"]
[Black "Brunello, Sabino"]
[Result "0-1"]
[WhiteTitle "WGM"]
[BlackTitle "GM"]
[WhiteElo "2326"]
[BlackElo "2542"]
[WhiteFideId "1212915"]
[BlackFideId "813613"]
[EventDate "2018.03.06"]

1. d4 d5 2. c4 e6 3. Nc3 Nf6 4. Nf3 Bb4 5. Bg5 h6 6. Bxf6 Qxf6 7. Qa4+ Nc6 8. e3
O-O 9. a3 Bxc3+ 10. bxc3 Bd7 11. Qc2 Rfd8 12. Rc1 Na5 13. c5 b6 14. Ne5 Be8 15.
cxb6 axb6 16. Be2 Qe7 17. a4 Qa3 18. Bh5 Nc4 19. Nxc4 dxc4 20. O-O Qxa4 21. Qe2
Ra5 22. f4 Bc6 23. e4 Bxe4 24. Bxf7+ Kxf7 25. Qxe4 Qd7 26. Rce1 g6 27. Qe2 b5
28. Qe3 h5 29. Qe5 Ra2 30. Qg5 b4 31. d5 Qxd5 32. f5 gxf5 33. Qxh5+ Kf6 34. Qh6+
Kf7 35. Qh7+ Kf6 36. Qh6+ Ke7 37. Qg5+ Ke8 38. cxb4 Rd6 39. Rxf5 Rxg2+ 40. Qxg2
Qxf5 41. Rf1 Qd5 42. Qg8+ Kd7 43. b5 Qc5+ 44. Kh1 Qxb5 45. Rf7+ Kc6 46. Qe8+ Kc5
47. Rxc7+ Kb4 48. Qf8 Qd5+ 49. Kg1 Kb3 50. Rb7+ Kc2 51. Qf2+ Qd2 52. h4 Rd4 53.
Rf7 Qxf2+ 54. Rxf2+ Kb3 55. h5 c3 56. Kg2 c2 57. Rf1 Rd1 0-1

[Event "Reykjavik Open 2018"]
[Site "Reykjavik ISL"]
[Date "2018.03.10"]
[Round "5.15"]
[White "L'Ami, Alina"]
[Black "Stefansson, Hannes"]
[Result "1/2-1/2"]
[WhiteTitle "IM"]
[BlackTitle "GM"]
[WhiteElo "2306"]
[BlackElo "2533"]
[WhiteFideId "1210246"]
[BlackFideId "2300087"]
[EventDate "2018.03.06"]

1. d4 d5 2. c4 c6 3. Nf3 Nf6 4. Nc3 e6 5. Bg5 h6 6. Bh4 dxc4 7. e4 g5 8. Bg3 b5
9. Be2 Bg7 10. e5 Nh5 11. Ne4 O-O 12. Nfxg5 Nxg3 13. hxg3 hxg5 14. Qc2 f5 15.
exf6 Rxf6 16. Nxf6+ Qxf6 17. O-O-O Nd7 18. Qh7+ Kf8 19. f4 Ke7 20. Rh5 gxf4 21.
Rh4 Nf8 22. Qh5 Qf5 23. Qf3 Bd7 24. Qa3+ c5 25. dxc5 Bc6 26. Bf3 Bxf3 27. Qxf3
Rb8 28. Qc6 Qe5 29. Qd6+ Qxd6 30. cxd6+ Kf7 31. gxf4 Nd7 32. Rh5 a6 33. g4 Rc8
34. f5 Ne5 35. Rh7 exf5 36. gxf5 Kg8 37. Rh2 Rd8 38. Rd5 Kf7 39. Rh7 Nd3+ 40.
Kb1 Rd7 41. b3 Kf6 42. a4 Nb4 43. Rd4 Nc6 44. Rg4 Ne5 45. Rgxg7 Rxg7 46. Rxg7
Kxg7 47. axb5 axb5 48. bxc4 bxc4 49. Kc2 Kf7 50. Kc3 Kf6 51. Kd4 Kxf5 52. d7
Nxd7 53. Kxc4 1/2-1/2

[Event "Reykjavik Open 2018"]
[Site "Reykjavik ISL"]
[Date "2018.03.10"]
[Round "5.16"]
[White "Sarkar, Justin"]
[Black "Abdusattorov, Nodirbek"]
[Result "0-1"]
[WhiteTitle "IM"]
[BlackTitle "IM"]
[WhiteElo "2322"]
[BlackElo "2518"]
[WhiteFideId "2010011"]
[BlackFideId "14204118"]
[EventDate "2018.03.06"]

1. e4 c5 2. Nf3 d6 3. d4 Nf6 4. Nc3 cxd4 5. Nxd4 a6 6. Bg5 Nbd7 7. Qf3 e6 8. Be2
Qc7 9. a4 b6 10. Qg3 Bb7 11. f3 Be7 12. Be3 O-O 13. O-O Rfc8 14. Rfd1 Kh8 15.
Bf1 Rg8 16. Rd2 Ne5 17. Nb3 g5 18. Qf2 Nfd7 19. Bd4 Bc6 20. Nc1 Bf6 21. Nd3 g4
22. Nxe5 dxe5 23. Be3 gxf3 24. Qxf3 Rg6 25. Rad1 Be7 26. Nb5 axb5 27. axb5 Rf6
28. Qe2 Nc5 29. bxc6 Qxc6 30. Qh5 Nxe4 31. Bd3 Rf5 32. Bxe4 Qxe4 33. Qe2 b5 34.
h3 Rg8 35. Rd3 Bh4 36. R1d2 Bf2+ 37. Qxf2 Rxf2 38. Rxf2 f5 39. Bc5 Rc8 40. b4
Ra8 41. Rfd2 Ra1+ 42. Kh2 Qf4+ 43. g3 Qf1 44. Rd8+ Kg7 45. R2d7+ Kh6 0-1

[Event "Reykjavik Open 2018"]
[Site "Reykjavik ISL"]
[Date "2018.03.10"]
[Round "5.17"]
[White "Doluhanova, Evgeniya"]
[Black "Perelshteyn, Eugene"]
[Result "0-1"]
[WhiteTitle "WGM"]
[BlackTitle "GM"]
[WhiteElo "2275"]
[BlackElo "2513"]
[WhiteFideId "14112035"]
[BlackFideId "2012529"]
[EventDate "2018.03.06"]

1. e4 e5 2. Nf3 Nc6 3. Bb5 Bb4 4. c3 Ba5 5. O-O Nge7 6. d4 exd4 7. Nxd4 O-O 8.
Bg5 f6 9. Be3 Bb6 10. c4 d6 11. h3 Nxd4 12. Bxd4 Be6 13. Bxb6 axb6 14. Nd2 f5
15. Ba4 f4 16. Bb3 Kh8 17. Nf3 Nc6 18. Rc1 Qf6 19. Rc3 Bf7 20. Nh2 Ra5 21. Re1
Bh5 22. Qd2 Rg5 23. Bd1 Bxd1 24. Rxd1 Qg6 25. f3 h5 26. Qf2 Qf6 27. Kf1 Rc5 28.
a3 Ra8 29. Kg1 Ne5 30. Qd4 Qf7 31. Rdc1 Nc6 32. Qf2 Rca5 33. Rd1 Ne5 34. Qc2 Ra4
35. Rd5 g6 36. Nf1 Kh7 37. Nd2 Qf6 38. Nb1 Qh4 39. Rd1 Qg3 40. b3 R4a5 41. Qf2
Qxf2+ 42. Kxf2 g5 43. b4 Ra4 44. Rd5 Re8 45. Rb5 Ra7 46. Rd5 Kg6 47. Rc1 Kf7 48.
Ke2 Ke6 49. Rd2 Raa8 50. Nc3 c6 51. Nb1 Rh8 52. Kd1 g4 53. hxg4 hxg4 54. fxg4
Rag8 55. c5 dxc5 56. bxc5 Rh1+ 57. Kc2 Rxc1+ 58. Kxc1 bxc5 59. Nc3 Nc4 60. Rc2
Nxa3 61. Rf2 Ke5 62. Na4 c4 63. Nb6 c3 64. Nd7+ Kd6 65. Nf6 Rh8 66. Nh5 b5 67.
Rxf4 b4 68. Rf3 Nb5 69. Rf4 b3 0-1

[Event "Reykjavik Open 2018"]
[Site "Reykjavik ISL"]
[Date "2018.03.10"]
[Round "5.18"]
[White "Ragnarsson, Dagur"]
[Black "Eljanov, Pavel"]
[Result "0-1"]
[WhiteTitle "FM"]
[BlackTitle "GM"]
[WhiteElo "2236"]
[BlackElo "2713"]
[WhiteFideId "2304058"]
[BlackFideId "14102951"]
[EventDate "2018.03.06"]

1. e4 c6 2. Nc3 d5 3. Nf3 Nf6 4. e5 Ne4 5. Ne2 Qb6 6. d4 e6 7. Nfg1 f6 8. f3 Ng5
9. h4 Nf7 10. f4 c5 11. c3 Nc6 12. Nf3 Bd7 13. a3 O-O-O 14. b4 c4 15. a4 h5 16.
a5 Qc7 17. Ng3 Be7 18. Be2 fxe5 19. dxe5 Nfxe5 20. fxe5 Nxe5 21. O-O Rdf8 22.
Ng5 Nd3 23. Rxf8+ Rxf8 24. Nf1 Nxc1 25. Rxc1 Qf4 26. Bf3 Qxh4 27. Nh7 Rf7 28. g3
Qh3 29. Qe2 g6 30. Qe3 a6 31. b5 Bxb5 32. Ng5 Bxg5 33. Qxg5 Rxf3 34. Qxg6 Qg4
35. Qh6 d4 36. Qh8+ Kd7 37. Qh7+ Kd6 38. Qxb7 Rxg3+ 39. Nxg3 Qxg3+ 40. Kf1 Qf4+
41. Ke2 d3+ 0-1

[Event "Reykjavik Open 2018"]
[Site "Reykjavik ISL"]
[Date "2018.03.10"]
[Round "5.19"]
[White "Adly, Ahmed"]
[Black "Povah, Nigel E"]
[Result "1-0"]
[WhiteTitle "GM"]
[BlackTitle "IM"]
[WhiteElo "2643"]
[BlackElo "2284"]
[WhiteFideId "10601619"]
[BlackFideId "400467"]
[EventDate "2018.03.06"]

1. b3 e5 2. Bb2 Nc6 3. g3 d5 4. Bg2 Be6 5. d3 Qd7 6. a3 f6 7. Nd2 Bc5 8. e3 Nge7
9. Qh5+ g6 10. Qe2 h5 11. b4 Bd6 12. c4 dxc4 13. dxc4 Nf5 14. c5 Be7 15. Rc1 a6
16. Be4 Rd8 17. Ngf3 Kf7 18. Nc4 Kg7 19. Rg1 Qc8 20. Nh4 Nxh4 21. gxh4 Bf5 22.
Qc2 Kf7 23. Ke2 Bxe4 24. Qxe4 Qf5 25. Qxf5 gxf5 26. Bc3 Rhg8 27. h3 Rxg1 28.
Rxg1 a5 29. b5 Na7 30. Bxa5 Bxc5 31. Bxc7 Rc8 32. b6 Nb5 33. Rc1 Bxa3 34. Nxa3
Nxa3 35. Rc3 Ra8 36. Kd1 Ke6 37. Kc1 Ra6 38. Rc5 Ra4 39. Kb2 Kd7 40. f4 exf4 41.
Kb3 Ra8 42. Bxf4 Ke6 43. Kb4 Ra6 44. Rc7 Kd5 45. Rd7+ Ke4 46. Rxb7 Nc2+ 47. Kb5
Ra1 48. Re7+ Kd5 49. b7 Rb1+ 50. Ka4 Kc4 51. Rc7+ Kd3 52. b8=Q 1-0

[Event "Reykjavik Open 2018"]
[Site "Reykjavik ISL"]
[Date "2018.03.10"]
[Round "5.20"]
[White "Praggnanandhaa, R"]
[Black "Shailesh, Dravid"]
[Result "1-0"]
[WhiteTitle "IM"]
[BlackTitle "FM"]
[WhiteElo "2507"]
[BlackElo "2246"]
[WhiteFideId "25059530"]
[BlackFideId "25017969"]
[EventDate "2018.03.06"]

1. e4 c5 2. Nf3 d6 3. Bb5+ Nd7 4. a4 Nf6 5. Nc3 e6 6. O-O Be7 7. d4 cxd4 8. Qxd4
O-O 9. Rd1 a6 10. Be2 Qc7 11. Be3 b6 12. Nd2 Bb7 13. Nc4 d5 14. exd5 Nxd5 15.
Nxd5 Bxd5 16. Bf4 Qb7 17. Ne3 Bc6 18. Bd6 Bxd6 19. Qxd6 Nc5 20. a5 Ne4 21. Qb4
b5 22. c4 f5 23. cxb5 axb5 24. f3 Nf6 25. Qd6 f4 26. Qxf4 Nd5 27. Qd4 e5 28. Qc5
Nf4 29. Rd2 e4 30. fxe4 Bxe4 31. Bf1 Rac8 32. Qxb5 Qe7 33. g3 Ng6 34. Qd7 Qf6
35. Qd4 Ne5 36. Qxe4 Nf3+ 37. Kh1 Rce8 38. Qd5+ Kh8 39. Re2 Re5 40. Qb7 Qe6 41.
Bg2 Nd4 42. Qb4 Rd8 43. Rd2 Rxe3 44. Rxd4 1-0

[Event "Reykjavik Open 2018"]
[Site "Reykjavik ISL"]
[Date "2018.03.10"]
[Round "5.21"]
[White "Laustsen, Lars"]
[Black "Fernandez, Daniel Howard"]
[Result "0-1"]
[BlackTitle "GM"]
[WhiteElo "2201"]
[BlackElo "2505"]
[WhiteFideId "1407554"]
[BlackFideId "5801605"]
[EventDate "2018.03.06"]

1. d4 b5 2. e4 Bb7 3. Bd3 e6 4. Nf3 c5 5. c3 a6 6. O-O d6 7. Re1 Nd7 8. Nbd2 Be7
9. Qe2 Ngf6 10. e5 dxe5 11. dxe5 Nd5 12. Ne4 Qc7 13. Bg5 c4 14. Bc2 Nxe5 15. Nd4
O-O 16. Qh5 Nd3 17. Bxd3 cxd3 18. Bxe7 Qxe7 19. Qe5 Rfd8 20. Rad1 Rac8 21. Rxd3
Qc7 22. Qg5 Qf4 23. Rf3 Qxg5 24. Nxg5 Nf6 25. Rd3 b4 26. Ngf3 Bxf3 27. Rxf3 Nd5
28. cxb4 Nxb4 29. Rc3 Rxc3 30. bxc3 Nxa2 31. Nc6 Rd6 0-1

[Event "Reykjavik Open 2018"]
[Site "Reykjavik ISL"]
[Date "2018.03.10"]
[Round "5.22"]
[White "Sundararajan, Kidambi"]
[Black "Johannsson, Orn Leo"]
[Result "1/2-1/2"]
[WhiteTitle "GM"]
[WhiteElo "2427"]
[BlackElo "2206"]
[WhiteFideId "5005370"]
[BlackFideId "2303051"]
[EventDate "2018.03.06"]

1. c4 Nf6 2. Nc3 e6 3. d4 d5 4. Bg5 Be7 5. e3 Nbd7 6. Nf3 O-O 7. Rc1 c6 8. Qc2
b6 9. Bd3 Bb7 10. O-O h6 11. Bh4 c5 12. Qe2 Rc8 13. Bg3 dxc4 14. Bxc4 Bxf3 15.
gxf3 cxd4 16. exd4 Nh5 17. Ba6 Nxg3 18. hxg3 Rc7 19. d5 Nc5 20. Bc4 exd5 21.
Nxd5 Rd7 22. b4 Ne6 23. Rfd1 b5 24. Bb3 a6 25. f4 Bd6 26. Qg4 Kh8 27. f5 Qg5 28.
Ne3 Qxg4 29. Nxg4 Nd8 30. Kg2 Rc7 31. Rxc7 Bxc7 32. Rd7 Bb8 33. Bd5 h5 34. Ne3
Kh7 35. Kh3 Kh6 36. f4 g5 37. fxg6 fxg6 38. Nc2 g5 39. fxg5+ Kxg5 40. Nd4 Kf6
41. Nb3 Nf7 42. Bxf7 Rxf7 43. Nc5 Re7 44. Rd3 Kg6 45. Nxa6 Be5 46. Nc5 Ra7 47.
a3 Bb2 48. Rd6+ Kh7 49. Rd2 Bc3 50. Rd5 Rxa3 51. Nd3 Rb3 52. Rxh5+ Kg6 53. Nf4+
Kf7 54. Rf5+ Kg8 55. Rxb5 Rxb4 56. Rg5+ Kf7 57. Rf5+ Kg8 58. Nd5 Rc4 59. g4 Be1
60. Rf1 Bd2 61. Kh4 Kg7 62. Ne7 Rc5 63. Nf5+ Kg6 64. Rf3 Bg5+ 65. Kg3 Rc1 66.
Rd3 Rg1+ 67. Kh3 Bf4 68. Nh4+ Kh6 69. Nf3 Rg3+ 70. Kh4 Kg6 71. Rc3 Rg2 72. Rc6+
Kg7 73. Rc4 Bd6 74. Kh5 Rg3 75. Nh4 Rh3 76. g5 Bg3 77. g6 Rxh4+ 78. Rxh4 Bxh4
79. Kxh4 Kxg6 1/2-1/2

[Event "Reykjavik Open 2018"]
[Site "Reykjavik ISL"]
[Date "2018.03.10"]
[Round "5.23"]
[White "Giacomini, Hector"]
[Black "Loiseau, Quentin"]
[Result "1-0"]
[BlackTitle "IM"]
[WhiteElo "2193"]
[BlackElo "2427"]
[WhiteFideId "605352"]
[BlackFideId "665274"]
[EventDate "2018.03.06"]

1. Nf3 c5 2. e3 Nf6 3. d4 g6 4. dxc5 Qa5+ 5. Nbd2 Qxc5 6. a3 Qc7 7. b4 Bg7 8.
Bb2 O-O 9. c4 d6 10. Be2 b6 11. O-O Bb7 12. Nd4 Nc6 13. Qb3 Rac8 14. Rac1 Qb8
15. Rfd1 Ne5 16. f4 Ned7 17. Bf3 a6 18. Bxb7 Qxb7 19. N4f3 Rc7 20. Qd3 Rfc8 21.
Rc2 b5 22. Rdc1 Nb6 23. Bd4 Na4 24. h3 h6 25. Kh2 e6 26. Kg1 Nb6 27. c5 dxc5 28.
Rxc5 Nbd7 29. Rxc7 Rxc7 30. Rxc7 Qxc7 31. Qc3 Qxc3 32. Bxc3 Bf8 33. Kf2 Bd6 34.
Ke2 Nd5 35. Bd4 Nb8 36. Ne4 Be7 37. Ne5 a5 38. bxa5 Bxa3 39. Bc5 Bb2 40. Nd3
Nc3+ 41. Nxc3 Bxc3 42. Bb4 Bf6 43. Bd6 Nd7 44. Nc5 1-0

[Event "Reykjavik Open 2018"]
[Site "Reykjavik ISL"]
[Date "2018.03.10"]
[Round "5.25"]
[White "Ingebretsen, Jens E"]
[Black "Bick, Gabriel"]
[Result "0-1"]
[WhiteElo "2132"]
[BlackElo "2416"]
[WhiteFideId "1522965"]
[BlackFideId "2084058"]
[EventDate "2018.03.06"]

1. e4 e5 2. Nf3 Nc6 3. Bb5 a6 4. Ba4 Nf6 5. Bxc6 dxc6 6. d3 Bd6 7. Nbd2 Be6 8.
b3 Qe7 9. Nc4 Nd7 10. Bd2 O-O 11. Qe2 c5 12. Ne3 a5 13. g4 a4 14. Nf5 Qd8 15.
Rc1 Nb8 16. Ng5 Be7 17. h4 Nc6 18. Be3 axb3 19. axb3 Ra2 20. Qd2 Nd4 21. Bxd4
cxd4 22. b4 Rb2 23. O-O Bxb4 24. Qe2 Bd7 25. f4 f6 26. Nh3 g6 27. Ng3 exf4 28.
Nxf4 Bd6 29. Qf2 Be5 30. Rb1 Rxb1 31. Rxb1 b6 32. Qf3 Qc8 33. Nd5 Bxg4 34. Qf2
Qe6 35. Ra1 f5 36. Qe1 fxe4 37. dxe4 Bf3 38. Kh2 Bxe4 39. c4 Qg4 40. Ra3 Qxh4+
41. Kg1 Bxg3 0-1

[Event "Reykjavik Open 2018"]
[Site "Reykjavik ISL"]
[Date "2018.03.10"]
[Round "5.25"]
[White "Ingebretsen, Jens E"]
[Black "Bick, Gabriel"]
[Result "1-0"]
[WhiteElo "2132"]
[BlackElo "2416"]
[WhiteFideId "1522965"]
[BlackFideId "2084058"]
[EventDate "2018.03.06"]

1. e4 e5 2. Nf3 d6 3. d4 exd4 4. Nxd4 Nf6 5. Nc3 Be7 6. Be2 O-O 7. Bf4 Re8 8.
Qd2 c6 9. O-O Bf8 10. f3 d5 11. exd5 Nxd5 12. Nxd5 Qxd5 13. c4 Qd8 14. Rad1 Na6
15. Kh1 Nc5 16. Rfe1 Ne6 17. Be3 Nxd4 18. Bxd4 c5 19. Bc3 Qxd2 20. Rxd2 Be6 21.
Red1 g6 22. f4 Bg7 23. Bxg7 Kxg7 24. b3 Rac8 25. Bf3 b6 26. Kg1 Kf8 27. Kf2 Ke7
28. Bd5 Bxd5 29. Rxd5 Rcd8 30. f5 Rxd5 31. Rxd5 Kf6 32. Rd7 Re7 33. Rxe7 Kxe7
34. Kg3 Kf6 35. Kg4 h6 36. fxg6 fxg6 37. Kf4 Ke6 38. Ke4 h5 39. Kf4 Kf6 40. Ke4
Ke6 41. g3 Kd6 42. Kf4 Ke6 43. Kg5 Kf7 44. a3 a6 45. h3 Kg7 46. g4 hxg4 47. hxg4
Kf7 48. Kh6 Kf6 49. g5+ Kf5 50. b4 cxb4 51. axb4 a5 52. c5 bxc5 53. bxa5 c4 54.
a6 c3 55. a7 c2 56. a8=Q c1=Q 57. Qf3+ Ke6 58. Qe4+ Kd7 59. Kxg6 Kc7 60. Kf6 Kb6
61. g6 Qb2+ 62. Qe5 Qf2+ 63. Ke7 Ka7 64. g7 Qh4+ 65. Ke8 Qa4+ 66. Kf8 1-0

[Event "Reykjavik Open 2018"]
[Site "Reykjavik ISL"]
[Date "2018.03.10"]
[Round "5.26"]
[White "Diaz, Franck"]
[Black "Kvetny, Mark"]
[Result "0-1"]
[BlackTitle "IM"]
[WhiteElo "2050"]
[BlackElo "2408"]
[WhiteFideId "639125"]
[BlackFideId "24603929"]
[EventDate "2018.03.06"]

1. e4 c5 2. Nf3 Nc6 3. d4 cxd4 4. Nxd4 e5 5. Nb5 d6 6. c4 a6 7. N5c3 g6 8. Nd5
Be6 9. Nbc3 Bg7 10. Bd3 Nf6 11. Bg5 h6 12. Be3 Nd7 13. O-O O-O 14. Qd2 Kh7 15.
f3 Nc5 16. Bb1 a5 17. Nb5 Nd4 18. Nxd4 Bxd5 19. Nf5 Bxc4 20. Nxg7 Bxf1 21. Kxf1
Qh4 22. Nf5 gxf5 23. exf5 e4 24. Qd4 Qxh2 25. fxe4 Rg8 26. e5 Rxg2 27. f6+ Kh8
28. e6 Nxe6 0-1

[Event "Reykjavik Open 2018"]
[Site "Reykjavik ISL"]
[Date "2018.03.10"]
[Round "5.28"]
[White "Thorfinnsson, Bjorn"]
[Black "Fridjonsson, Julius"]
[Result "1-0"]
[WhiteTitle "IM"]
[WhiteElo "2399"]
[BlackElo "2167"]
[WhiteFideId "2300982"]
[BlackFideId "2300842"]
[EventDate "2018.03.06"]

1. c4 e5 2. g3 Nf6 3. Bg2 Nc6 4. Nc3 Bc5 5. e3 O-O 6. Nge2 d6 7. d4 Bb6 8. h3
Bf5 9. O-O exd4 10. exd4 Re8 11. Be3 Qd7 12. g4 Bg6 13. Ng3 d5 14. g5 Ne4 15.
Ncxe4 Bxe4 16. Nxe4 dxe4 17. c5 Ba5 18. a3 Rad8 19. b4 Nxd4 20. Qxd4 1-0

[Event "Reykjavik Open 2018"]
[Site "Reykjavik ISL"]
[Date "2018.03.10"]
[Round "5.29"]
[White "Valette, Christian"]
[Black "Kavutskiy, Konstantin"]
[Result "0-1"]
[BlackTitle "IM"]
[WhiteElo "2022"]
[BlackElo "2383"]
[WhiteFideId "613940"]
[BlackFideId "2026384"]
[EventDate "2018.03.06"]

1. d4 Nf6 2. Nf3 g6 3. c4 Bg7 4. Nc3 O-O 5. e4 d6 6. Be2 Nbd7 7. O-O e5 8. Re1
c6 9. Bf1 h6 10. b3 Re8 11. Bb2 Nh7 12. dxe5 dxe5 13. Na4 Ng5 14. c5 Qf6 15.
Nxg5 hxg5 16. Re3 Nf8 17. Bc4 Ne6 18. Rf3 Nf4 19. Qd6 b5 20. g3 Qxd6 21. cxd6
Nh3+ 22. Kg2 bxc4 23. bxc4 g4 24. Rd3 Be6 25. c5 Ng5 26. Re3 Nf3 27. Bc3 Bh6 28.
Re2 Rab8 29. Rd1 Red8 30. Ba5 Rd7 31. Nc3 Nd4 32. Ree1 Rb2 33. Rb1 Rc2 34. Rb8+
Kg7 35. Reb1 Bd2 36. R1b2 Rxb2 37. Rxb2 Bxc3 38. Bxc3 Nf3 39. Ba5 Ng5 40. Re2
Rb7 41. Bc7 Nf3 42. Re3 Rb1 0-1

[Event "Reykjavik Open 2018"]
[Site "Reykjavik ISL"]
[Date "2018.03.10"]
[Round "5.30"]
[White "Abrahamyan, Tatev"]
[Black "Adocchio, Giampiero"]
[Result "1/2-1/2"]
[WhiteTitle "WGM"]
[WhiteElo "2369"]
[BlackElo "2157"]
[WhiteFideId "13301918"]
[BlackFideId "4666011"]
[EventDate "2018.03.06"]

1. e4 e6 2. d4 d5 3. e5 c5 4. c3 Nc6 5. Nf3 Bd7 6. Be2 Nge7 7. Na3 cxd4 8. cxd4
Nf5 9. Nc2 Qb6 10. O-O Na5 11. Ne3 Nxe3 12. fxe3 Be7 13. Qe1 Bb5 14. Bxb5+ Qxb5
15. e4 Nc6 16. exd5 Qxd5 17. Be3 O-O 18. Qg3 Qe4 19. Rae1 Qg6 20. Qxg6 hxg6 21.
a3 Rfd8 22. Rc1 Rd7 23. Rc2 Bd8 24. Rd1 Bb6 25. Kf1 f6 26. exf6 gxf6 27. Ke2
Rad8 28. Rcd2 Kf7 29. h4 Ne7 30. g4 Nd5 31. Bf2 Ba5 32. Rc2 e5 33. Ne1 exd4 34.
Kf3 Bxe1 35. Rxe1 Ne7 36. Rd2 Nc6 37. Bg3 d3 38. h5 Na5 39. Bf4 Nc4 40. hxg6+
Kxg6 41. Rh2 d2 42. Rd1 Rd3+ 43. Ke2 R3d4 44. Kf3 Rd3+ 45. Ke2 Rb3 46. Rh6+ Kf7
47. g5 fxg5 48. Bxg5 Re8+ 49. Kf2 Re5 50. Bf4 Rf5 51. Rh4 Rxb2 52. Ke2 Rd5 53.
a4 Rd4 54. Rh7+ Kg6 55. Rh6+ Kf5 56. Be3 Re4 57. Rf1+ Ke5 58. Rh5+ Kd6 59. Rh6+
Re6 60. Rxe6+ Kxe6 61. Bxa7 Ra2 62. Rb1 Rxa4 63. Be3 Nxe3 64. Kxe3 Rb4 65. Ra1
Rb2 66. Kd3 Kd5 67. Kc3 Ra2 68. Rd1 Ra3+ 69. Kxd2 Kc4 70. Kc2 1/2-1/2

[Event "Reykjavik Open 2018"]
[Site "Reykjavik ISL"]
[Date "2018.03.10"]
[Round "5.31"]
[White "Bisby, Daniel L"]
[Black "Grant, David J"]
[Result "0-1"]
[WhiteTitle "FM"]
[WhiteElo "2339"]
[BlackElo "2068"]
[WhiteFideId "404586"]
[BlackFideId "403717"]
[EventDate "2018.03.06"]

1. e4 c5 2. Nf3 d6 3. d4 cxd4 4. Nxd4 Nf6 5. f3 e5 6. Nb3 Nc6 7. c4 a5 8. Be3 a4
9. N3d2 Qa5 10. Be2 Be7 11. O-O O-O 12. Na3 Nd4 13. Nc2 Nxe2+ 14. Qxe2 Be6 15.
a3 b5 16. Nb4 bxc4 17. Nc6 Qc7 18. Nxe7+ Qxe7 19. Nxc4 Rab8 20. Rac1 Qb7 21. Rf2
Qa6 22. Qd3 Rb3 23. Qxd6 Qxd6 24. Nxd6 Rxe3 25. Nc4 Rc8 26. Rd2 Kf8 27. Nxe3
Rxc1+ 28. Kf2 g6 29. Rd8+ Ke7 30. Rd2 h5 31. h4 Bb3 32. Nf1 Nd7 33. Ng3 Nc5 34.
Ne2 Rc2 35. Ke3 Rxd2 36. Kxd2 Bc4 37. Nc3 Kd6 38. g3 Bb3 39. Ke3 Nd7 40. Ne2 Nb6
41. Kd2 Kc5 42. g4 Nc4+ 43. Kc3 hxg4 44. fxg4 Ne3 45. g5 Ng2 46. Nc1 Bc4 47. b3
axb3 48. Nxb3+ Bxb3 49. Kxb3 Nxh4 50. a4 Nf3 51. a5 Nxg5 0-1

[Event "Reykjavik Open 2018"]
[Site "Reykjavik ISL"]
[Date "2018.03.10"]
[Round "5.32"]
[White "Zhou, Aiden"]
[Black "Cummings, David H."]
[Result "0-1"]
[BlackTitle "IM"]
[WhiteElo "1977"]
[BlackElo "2322"]
[WhiteFideId "2618826"]
[BlackFideId "2603578"]
[EventDate "2018.03.06"]

1. d4 d5 2. c4 e6 3. Nf3 Nf6 4. g3 Bb4+ 5. Bd2 Be7 6. Bg2 O-O 7. O-O c6 8. Qc2
Nbd7 9. b3 b6 10. Bc3 Bb7 11. Nbd2 c5 12. e3 Re8 13. Qb2 dxc4 14. bxc4 Rc8 15.
Ne5 Bxg2 16. Kxg2 cxd4 17. exd4 Nxe5 18. dxe5 Nd7 19. Rad1 Qc7 20. f4 Nc5 21.
Qb1 Qc6+ 22. Kh3 Red8 23. f5 Rd3 24. Bb4 Rcd8 25. f6 Bf8 26. Bxc5 Rxd2 27. Rxd2
Rxd2 28. Bxf8 Qg2+ 29. Kh4 Qxh2+ 30. Kg4 h5+ 31. Kf4 g5+ 32. Kxg5 Qxg3+ 33. Kh6
Qe3+ 34. Kxh5 Qh3+ 35. Kg5 Rg2+ 36. Kf4 Rg4# 0-1